| 000 | 00790nam a22002415a 4500 | ||
|---|---|---|---|
| 005 | 20161213104142.0 | ||
| 008 | 161124s2016 ii a frb 001 0 eng d | ||
| 020 | _a9788123929378 | ||
| 040 |
_aEG-ScBUE _beng _cEG-ScBUE _dEG-ScBUE |
||
| 082 | 0 | 4 |
_222 _a612.31 _bJOS |
| 100 | 1 |
_939337 _aJose, Maji. |
|
| 245 | 1 | 0 |
_aEssentials of oral biology : _boral anatomy, histology, physiology & embryology / _cMaji Jose. |
| 250 | _a2nd ed. | ||
| 260 |
_aNew Delhi : _bCBS Publishers & Distributors, _c2016. |
||
| 300 |
_axv, 365 p. : _bill. ; _c24 cm. |
||
| 500 | _aIndex : p. [361]-365. | ||
| 504 | _aIncludes bibliographical references. | ||
| 650 | 7 |
_2BUEsh _940784 _aOral Health. |
|
| 650 | 7 |
_aHistology. _2BUEsh |
|
| 651 | _2BUEsh | ||
| 653 |
_bDDent _cNovember2016 _cDecember2016 |
||
| 942 | _2ddc | ||
| 999 |
_c23312 _d23284 |
||